Statistiche per Nazionale italiana di calcio Mondiali 2006

Clicka qui per fare il quiz!

Statistiche generali

  • Questo quiz è stato fatto 3.057 volte
  • Il punteggio medio è 18 su 24

Statistiche sulle risposte

GiocatoreRuolo% Corretto
1BuffonPortiere
100%
10TottiAttaccante
96%
7Del PieroAttaccante
95%
5CannavaroDifensore
94%
21PirloCentrocampista
92%
3GrossoDifensore
89%
23MaterazziDifensore
88%
-LippiCommissario Tecnico
86%
8GattusoCentrocampista
83%
9ToniAttaccante
82%
4De RossiCentrocampista
79%
19ZambrottaDifensore
79%
11GilardinoAttaccante
74%
13NestaDifensore
74%
18InzaghiAttaccante
73%
16CamoranesiCentrocampista
69%
15IaquintaAttaccante
62%
2ZaccardoDifensore
58%
6BarzagliDifensore
57%
14AmeliaPortiere
55%
17BaroneCentrocampista
54%
20PerrottaCentrocampista
51%
12PeruzziPortiere
51%
22OddoDifensore
37%

Distribuzione punteggi

Percentile per numero di risposta

Percentuale di utenti per punteggio

I tuoi punteggi nel tempo

Non hai fatto questo quiz